Nástroje sociálnych médií v onlinovej žurnalistike

Sociálna komunikácia v kontexte masovej komunikácie. Dôležitá úloha, ktorú zohráva sociálna sieť v kontexte onlinovej žurnalistiky. Reklama na sociálnej sieti Facebook. Monitoring sociálnych sietí prostredníctvom nástrojov. Potenciál sociálnych médií.

Salvato in:
Dettagli Bibliografici
Autore principale: Kubíková, Katarína
Natura: Capitolo di libro
Lingua:slovacco
Soggetti:
Tags: Aggiungi Tag
Nessun Tag, puoi essere il primo ad aggiungerne!!

MARC

LEADER 00000nla a2200000 4500
001 0231040
005 20240417075119.9
041 0 |a slo 
044 |a SK 
245 1 0 |a Nástroje sociálnych médií v onlinovej žurnalistike  |c Katarína Kubíková 
520 |a Sociálna komunikácia v kontexte masovej komunikácie. Dôležitá úloha, ktorú zohráva sociálna sieť v kontexte onlinovej žurnalistiky. Reklama na sociálnej sieti Facebook. Monitoring sociálnych sietí prostredníctvom nástrojov. Potenciál sociálnych médií. 
610 2 0 |a médiá sociálne 
610 2 0 |a monitoring 
610 2 0 |a siete sociálne 
610 2 0 |a žurnalistika 
100 1 |a Kubíková, Katarína